Plan of the town and borough of Wolverhampton (Record no. 114895)

MARC details
000 -LEADER
fixed length control field 00449cem a22001695a 4500
001 - CONTROL NUMBER
control field L157648
008 - FIXED-LENGTH DATA ELEMENTS--GENERAL INFORMATION
fixed length control field 130220s1871 xxk f 000 0 eng d
035 ## - SYSTEM CONTROL NUMBER
System control number (Sirsi) u157648
041 0# - LANGUAGE CODE
Language code of text/sound track or separate title eng
245 00 - TITLE STATEMENT
Title Plan of the town and borough of Wolverhampton
260 ## - PUBLICATION, DISTRIBUTION, ETC.
Place of publication, distribution, etc. [England]
Date of publication, distribution, etc. 1871
300 ## - PHYSICAL DESCRIPTION
Extent 1 v.
Dimensions 68 cm.
583 ## - ACTION NOTE
Action Condition reviewed
Time/date of action 20120620
Status condition level 3
651 #4 - SUBJECT ADDED ENTRY--GEOGRAPHIC NAME
Geographic name England
Chronological subdivision 886-
690 ## - LOCAL SUBJECT ADDED ENTRY--TOPICAL TERM (OCLC, RLIN)
Topical term or geographic name as entry element Geomatics
9 (RLIN) 6242
942 ## - ADDED ENTRY ELEMENTS (KOHA)
Suppress in OPAC 0
Holdings
Withdrawn status Lost status Source of classification or shelving scheme Damaged status Not for loan Home library Current library Shelving location Date acquired Total Checkouts Full call number Barcode Date last seen Copy number Price effective from Koha item type
    Dewey Decimal Classification     Historic collection Historic collection Historic collection 20/02/2013   FOLIO 1871 PLAN 30078122 06/08/2019 1 06/08/2019 Book